000 00879nas a2200277 4500
001 BR2022000508
003 BR-BrBNA
005 20231205132249.0
007 ta
008 230509b bl.|||p| |||| 00| 00por d
040 _aBR-BrBNA
_bpor
_cBiblioteca Nacional de Agricultura
041 _a(Pt)
072 _aP40
100 1 _aSilva, L.D. da
100 1 _aLima, R. de
100 1 _aSantos, R.F.
100 1 _aBorsoi, A.
245 1 _aEstimativa de evapotranspiração de referência para o município de Palotina - PR
650 _aRECURSO HÍDRICO
650 _aEVAPOTRANSPIRAÇÃO
650 _aCLIMATOLOGIA
773 0 _tActa Iguazu (Brazil)
_xISSN 2316-4093
_g(2015), v. 4(4) p. 89-100
_wBR2022000508
856 4 0 _uhttps://e-revista.unioeste.br/index.php/actaiguazu/article/view/14503/9832
909 _a202311
_bLúcia
_c55
_dLúcia Elande
942 _2AGRIS
_n0
_cANA
999 _c259371
_d259371